College Quizbowl Stats
College Quizbowl Stats
Circuits
Seasons
Sets
Records
Detailed Stats
About
Loading...
2024 ARGOS @ Stanford
Tossups
Bonuses
Players
Teams
Categories (Tossup)
Categories (Bonus)
John Xiang
Where are the ACF Nationals recordings?
Categories
Category
Powers
Gets
Negs
BBs
Points
Earliest Buzz
Avg. Buzz
First Buzzes
Top 3 Buzzes
Literature - American Literature
1
0
0
0
15
75
75.00
1
1
Fine Arts - Auditory Fine Arts
0
1
0
1
10
137
137.00
0
1
Literature - British Literature
0
1
2
0
0
131
131.00
0
1
Science - Other Science
0
0
1
0
-5
0.00
0
0
Buzzes
Category
Answer
Value
Buzz Position
Literature - American Literature
Percival Everett
15
75
Science - Other Science
k-nearest neighbors
-5
95
Literature - British Literature
Isabel Archer
-5
125
Literature - British Literature
Richard III
10
131
Fine Arts - Auditory Fine Arts
èrhú
10
137
Literature - British Literature
P. G. Wodehouse
-5
137
Previous
1
Next